Premier League 25/26 - Statistics

General Stats
  • This quiz has been taken 13 times
  • The average score is 18 of 20
Answer Stats
Hint Answer % Correct
1 Arsenal
100%
2 Aston Villa
92%
7 Chelsea
92%
12 Liverpool
92%
13 Manchester City
92%
14 Manchester United
92%
15 Newcastle
92%
16 Nottingham Forest
92%
18 Tottenham
92%
20 Wolverhampton Wanderers
92%
3 Bournemouth
85%
4 Brentford
85%
6 Burnley
85%
8 Crystal Palace
85%
10 Fulham
85%
11 Leeds
85%
17 Sunderland
85%
19 West Ham
85%
5 Brighton
77%
9 Everton
77%
No matching quizzes found
Score Distribution
Percent of People with Each Score
Percentile by Number Answered
Your Score History
You have not taken this quiz